| 000 | 01672cam a22004214i 4500 | ||
|---|---|---|---|
| 003 | PE-LiUPU | ||
| 005 | 20250731172930.0 | ||
| 008 | s1930 miu gr 000 0 eng d | ||
| 035 | _a(Sirsi) a204312 | ||
| 040 |
_aPE-LiUPU _bspa _cPE-LiUPU _erda |
||
| 049 | _aPRUA | ||
| 082 | 0 | 4 |
_a232 _bP59 _221 |
| 100 | 1 |
_aPink, Arthur W., _eautor. |
|
| 245 | 1 | 4 |
_aThe Sovereignty of God / _cArthur W. Pink. |
| 264 | 1 |
_aMichigan : _bBaker, _c1930. |
|
| 300 |
_a320 páginas ; _c20 centímetros. |
||
| 336 |
_atext _2rdacontent |
||
| 337 |
_aunmediated _2rdamedia |
||
| 338 |
_avolume _2rdacarrier |
||
| 505 | 2 | _aThe sovereignty of God defined -- The sovereignty of God in creation -- The sovereignty of God in administration -- The sovereignty of God in salvation -- The sovereignty of God in reprobation -- The sovereignty of Godin operation -- God's sovereignty and the human Will -- God's sovereignty and human responsability --God's sovereignty and prayer -- Our attitude toward God's sovereignty -- Difficulties and objections -- The value of this doctrine -- Conclusion. | |
| 526 | _aSEG42 | ||
| 526 | _aSEG41 | ||
| 526 | _aSEG40 | ||
| 526 | _aSEG39 | ||
| 526 | _aP94 | ||
| 526 | _aP87 | ||
| 526 | _aP86 | ||
| 526 | _aP85 | ||
| 526 | _aP77 | ||
| 526 | _aP76 | ||
| 526 | _aP35 | ||
| 650 | 0 | 4 |
_aDios _xSoberania |
| 942 |
_2ddc _cBOOK |
||
| 994 |
_aC0 _bPEPRU |
||
| 596 | _a1 | ||
| 999 |
_a232 P59 _wLC _c20680 _i76081 _f2021-11-10 _g4 _lCCODEBUL1 _mBUL _p10.00 _r0 _sY _tBOOK _u2017-6-8 _xTEOLOGIA _PP85 _0COMPRA _o.STAFF. Colección Teología _d20680 |
||
| 980 |
_81 _gALBERTO SANCHEZ Responsable de Automatización |
||